000 00463nam a2200181Ia 4500
003 LK-CoDNM
005 20240726123748.0
008 010623t1938 xxu||||| |||| 00| 1 eng d
040 _aLK-CoDNM
_dLK-CoDNM
_eLK-CoDNM
041 _aeng
080 _a14
_bDD36
100 _aWarner,Langdon.
245 _aBuddhist Wall-Paintings
260 _bHarvard University Press
_c1938
300 _bxv, 33p. : 15ill ; 31 cm
650 _aSukhavati Paradise
942 _cBK
999 _c98813
_d98813